<?xml version="1.0" encoding="UTF-8"?>
<record
    xmlns:xsi="http://www.w3.org/2001/XMLSchema-instance"
    xsi:schemaLocation="http://www.loc.gov/MARC21/slim http://www.loc.gov/standards/marcxml/schema/MARC21slim.xsd"
    xmlns="http://www.loc.gov/MARC21/slim">

  <leader>01495nam a2200265 a 4500</leader>
  <controlfield tag="001">000041743</controlfield>
  <controlfield tag="005">20201002035729.0</controlfield>
  <controlfield tag="008">130920s1990    sp            001 0 spa d</controlfield>
  <datafield tag="020" ind1=" " ind2=" ">
    <subfield code="a">8485861108</subfield>
  </datafield>
  <datafield tag="040" ind1=" " ind2=" ">
    <subfield code="a">DO-SdBNP</subfield>
    <subfield code="b">spa</subfield>
    <subfield code="c">BNPHU</subfield>
  </datafield>
  <datafield tag="082" ind1=" " ind2=" ">
    <subfield code="a">322.1</subfield>
    <subfield code="b">G216m</subfield>
  </datafield>
  <datafield tag="100" ind1="1" ind2=" ">
    <subfield code="a">Garc&#xED;a A&#xF1;overos, Jes&#xFA;s Mar&#xED;a</subfield>
    <subfield code="9">15700</subfield>
  </datafield>
  <datafield tag="245" ind1="1" ind2="3">
    <subfield code="a">La monarqu&#xED;a y la iglesia en Am&#xE9;rica /</subfield>
    <subfield code="c">Jesus Mar&#xED;a Garc&#xED;a A&#xF1;overos.</subfield>
  </datafield>
  <datafield tag="260" ind1=" " ind2=" ">
    <subfield code="a">Valencia, Espa&#xF1;a :</subfield>
    <subfield code="b">Asociaci&#xF3;n Francisco L&#xF3;pez de Gomara,</subfield>
    <subfield code="c">1990.</subfield>
  </datafield>
  <datafield tag="300" ind1=" " ind2=" ">
    <subfield code="a">301 p. ;</subfield>
    <subfield code="c">24 cm.</subfield>
  </datafield>
  <datafield tag="490" ind1="1" ind2=" ">
    <subfield code="a">La Corona y los Pueblos Americanos</subfield>
    <subfield code="v">6</subfield>
  </datafield>
  <datafield tag="504" ind1=" " ind2=" ">
    <subfield code="a">Bibliograf&#xED;a: p. 295-301.</subfield>
  </datafield>
  <datafield tag="505" ind1="0" ind2=" ">
    <subfield code="g">Introducci&#xF3;n --</subfield>
    <subfield code="t">Presencia asociada de la iglesia y la monarquia hispanas en Am&#xE9;rica --</subfield>
    <subfield code="t">El dominio de la corona de Castilla y Le&#xF3;n en las Indias --</subfield>
    <subfield code="t">La licitud de la conquista de las Indias --</subfield>
    <subfield code="t">La monarqu&#xED;a y el gobierno espiritual de las Indias --</subfield>
    <subfield code="t">La monarqu&#xED;a y la organizaci&#xF3;n de la iglesia indiana --</subfield>
    <subfield code="t">La monarqu&#xED;a y la evangelizaci&#xF3;n de las Indias --</subfield>
    <subfield code="t">Proceder de la monarqu&#xED;a y de la iglesia en el trato a los ind&#xED;genas --</subfield>
    <subfield code="t">El gobierno espiritual de las Indias y la independencia --</subfield>
    <subfield code="g">Bibliograf&#xED;a.</subfield>
  </datafield>
  <datafield tag="650" ind1=" " ind2="4">
    <subfield code="a">Iglesia y estado en am&#xE9;rica latina</subfield>
    <subfield code="x">Historia</subfield>
    <subfield code="y">1492-1830</subfield>
    <subfield code="9">68589</subfield>
  </datafield>
  <datafield tag="651" ind1=" " ind2="4">
    <subfield code="a">Am&#xE9;rica Latina</subfield>
    <subfield code="x">Historia Eclesi&#xE1;stica</subfield>
    <subfield code="y">1400-1800</subfield>
    <subfield code="9">68590</subfield>
  </datafield>
  <datafield tag="650" ind1=" " ind2="4">
    <subfield code="a">Monarqu&#xED;a espa&#xF1;ola</subfield>
    <subfield code="x">Historia</subfield>
    <subfield code="y">1400-1800</subfield>
    <subfield code="9">67703</subfield>
  </datafield>
  <datafield tag="830" ind1=" " ind2="0">
    <subfield code="a">La Corona y los Pueblos Americanos</subfield>
    <subfield code="n">6</subfield>
    <subfield code="9">68591</subfield>
  </datafield>
  <datafield tag="910" ind1=" " ind2=" ">
    <subfield code="a">Validado. Control de calidad EMS</subfield>
  </datafield>
  <datafield tag="049" ind1=" " ind2=" ">
    <subfield code="a">BNPD</subfield>
  </datafield>
  <datafield tag="952" ind1=" " ind2=" ">
    <subfield code="0">0</subfield>
    <subfield code="1">0</subfield>
    <subfield code="5">0</subfield>
    <subfield code="7">1</subfield>
    <subfield code="8">MO</subfield>
    <subfield code="a">GR</subfield>
    <subfield code="b">GR</subfield>
    <subfield code="c">HD</subfield>
    <subfield code="d">2013-10-16</subfield>
    <subfield code="i">LF1</subfield>
    <subfield code="l">0</subfield>
    <subfield code="o">322.1 G216m</subfield>
    <subfield code="p">41743-10</subfield>
    <subfield code="r">2020-06-25</subfield>
    <subfield code="w">2020-06-25</subfield>
    <subfield code="y">1</subfield>
    <subfield code="Z">No se presta</subfield>
  </datafield>
  <datafield tag="952" ind1=" " ind2=" ">
    <subfield code="0">0</subfield>
    <subfield code="1">0</subfield>
    <subfield code="5">0</subfield>
    <subfield code="7">1</subfield>
    <subfield code="8">MO</subfield>
    <subfield code="a">GR</subfield>
    <subfield code="b">GR</subfield>
    <subfield code="c">HD</subfield>
    <subfield code="d">2013-10-16</subfield>
    <subfield code="i">LF1</subfield>
    <subfield code="l">0</subfield>
    <subfield code="o">322.1 G216m</subfield>
    <subfield code="p">41743-20</subfield>
    <subfield code="r">2020-06-25</subfield>
    <subfield code="t">e. 2</subfield>
    <subfield code="w">2020-06-25</subfield>
    <subfield code="y">1</subfield>
    <subfield code="Z">No se presta</subfield>
  </datafield>
  <datafield tag="999" ind1=" " ind2=" ">
    <subfield code="c">41232</subfield>
    <subfield code="d">41232</subfield>
  </datafield>
</record>
